Thơ văn Lý -Trần Giúp học sinh học tốt môn Văn. Để giáo viên tham khảo đọc thêm. Dành cho những người yêu văn thơ

Sparad:
Bibliografiska uppgifter
Övriga upphovsmän: Lê Bảo (tuyển chọn và biên soạn)
Materialtyp: Bok
Språk:Vietnamese
Publicerad: H. Giáo dục 1997
Serie:Nhà văn và tác phẩm trong nhà trường phổ thông
Taggar: Lägg till en tagg
Inga taggar, Lägg till första taggen!
Thư viện lưu trữ: Mạng thư viện Đại học Đà Nẵng
LEADER 00914nam a2200277 4500
001 000014439
003 10804
005 20120426150409.0
008 120426s1997 viesd
020 |c 6400 
041 0 |a vie 
082 |a 895.9221  |b Thơ 
245 0 |a Thơ văn Lý -Trần  |b Giúp học sinh học tốt môn Văn. Để giáo viên tham khảo đọc thêm. Dành cho những người yêu văn thơ  |c Lê Bảo 
260 |a H.  |b Giáo dục  |c 1997 
300 |a 127 tr.  |c 20 cm 
490 |a Nhà văn và tác phẩm trong nhà trường phổ thông 
500 |a ĐTTS: Bộ sách mở rộng và nâng cao kiến thức 
700 |a Lê Bảo  |e tuyển chọn và biên soạn 
OWN |a LSP 
999 |a From the UDN01 
TYP |a Monograph 
TYP |a Printed language 
980 |a Mạng thư viện Đại học Đà Nẵng